000 00437 a2200121 4500
020 _a0923907009
082 _a624.171 WIL
100 _aWilson, Edward L.
245 _aThree Dimensional Static and Dynamic Analysis of Structures : A Physical Approach with Emphasis on Earthquake Engineering/
_cEdward L. Wilson
250 _a3rd ed.
260 _aUSA :
_bComputers and Structures, Inc,
_c2000
300 _avarious Pages
_bill. ;
_c20 cm
650 _aStructural Analysis
999 _c1221
_d1221